00902ntm a22002177a 450000500170000000800410001704000280005808200170008610000330010324501150013626000100025130000350026150001820029659000090047865000390048765300230052665500090054994200080055899900170056695201010058320170809093548.0170802s2011 xx a frb 000 0 eng d aEG-ScBUEbengcEG-ScBUE04222a624bAHM1 aAhmedy, Youmna Abd El-Dayem.14aThe evolution of airport cities :bAn economic engine for growth and prosperity /cYoumna Abd EL-Dayem Ahmedy. c2011. a99 p. :bill. (col.) ;c28 cm. aA dissertation submitted to The Faculty Of Engineering, The British University In Egypt, in partial fulfillment of the requirements for the bachelor degree in civil engineering. aNour 72BUEshvProjectsacivil engineering bENGCIVcAugust2017 vSPRO 2ddc c25135d25107 00102ddc4070aMAINbMAINc2NDd2017-08-07l0o624 AHMp000046251r2025-07-15 00:00:00yPROJST